00162 a2200073 45000010005000001000013000052450044000182600026000623653 aIslam, N aImports of Pakistan: growth & structure abPak Inst Devt Ecoc